000 00830nam a2200253 i 4500
005 20230925115802.0
008 230925t20222022my a b 000 1 eng d
020 _a9789672384779
_cRM42.00
_qhardback
040 _aPPAK
_beng
_cPPAK
_erda
082 0 4 _223
_a823.92
090 0 0 _a823.92
_bEMI
_dK
100 0 _aEmila Yusof,
_d1969-
_eauthor.
245 1 0 _aSPOONIE'S journey /
_cby Emila Yusof
264 1 _aKuala Lumpur :
_bIntegra Creative Media Sdn Bhd,
_c2022
264 4 _c©2022
300 _a1 volume (unnumbered pages) :
_bcolour illustrations ;
_c21 x 21 cm.
336 _atext
_2rdacontent
337 _aunmediated
_2rdamedia
338 _avolume
_2rdacarrier
650 1 0 _aChildren's stories, English
650 2 0 _aEnglish fiction
650 2 0 _aPicture books for children
942 _2ddc
_cB
999 _c193147
_d193147